Man on the Moon: The End of Day - Kid Cudi - Statistics

General Stats
  • This quiz has been taken 9 times
  • The average score is 13 of 19
Answer Stats
Songs Plays Artists % Correct
Cudi Zone 121,671,424 Kid Cudi
88%
Day 'N' Nite - Crookers Remix 208,998,871 Kid Cudi, Crookers
88%
Day 'N' Nite (Nightmare) 1,021,494,229 Kid Cudi
88%
Make Her Say 109,263,466 Kid Cudi, Kanye West, Common
88%
Pursuit Of Happiness (Nightmare) 968,801,662 Kid Cudi, MGMT, Ratatat
88%
Up Up & Away 160,605,209 Kid Cudi
88%
Man On The Moon 99,783,413 Kid Cudi
75%
Soundtrack 2 My Life 336,943,038 Kid Cudi
75%
Alive (Nightmare) 88,827,424 Kid Cudi, Ratatat
63%
Heart Of A Lion (Kid Cudi Theme Music) 49,773,180 Kid Cudi
63%
In My Dreams (Cudder Anthem) 30,317,145 Kid Cudi
63%
Solo Dolo (Nightmare) 68,093,480 Kid Cudi
63%
T.G.I.F. 16,405,059 Kid Cudi, Chip Tha Ripper
63%
Enter Galactic (Love Connection Part I) 83,013,168 Kid Cudi
50%
Is There Any Love 14,986,715 Kid Cudi, Wale
50%
My World 34,628,859 Kid Cudi, Billy Craven
50%
Simple As... 48,986,100 Kid Cudi
50%
Sky Might Fall 56,775,001 Kid Cudi
50%
Hyyerr 38,836,837 Kid Cudi, Chip Tha Ripper
38%
No matching quizzes found
Score Distribution
Percent of People with Each Score
Percentile by Number Answered
Your Score History
You have not taken this quiz